Cours d'économie politique (Record no. 161424)

MARC details
000 -LEADER
campo de control de longitud fija 00933nam a22002415i 4500
001 - NÚMERO DE CONTROL
campo de control 161424
003 - IDENTIFICADOR DE NÚMERO DE CONTROL
campo de control ES-MaACL
005 - FECHA Y HORA DE LA ÚLTIMA TRANSACCIÓN
campo de control 20250721062640.0
008 - DATOS DE LONGITUD FIJA--INFORMACIÓN GENERAL
campo de control de longitud fija 000630s1896 sz |||| | fre d
040 ## - FUENTE DE CATALOGACIÓN
Centro catalogador/agencia de origen CCPB | B
Lengua de catalogación spa
Centro/agencia transcriptor CCPB | B
100 1# - ENTRADA PRINCIPAL--NOMBRE DE PERSONA
Nombre de persona Pareto, Vilfredo.
9 (RLIN) 89111
245 10 - MENCIÓN DEL TÍTULO
Título Cours d'économie politique
Resto del título : professé a l'Université de Lausanne /
Mención de responsabilidad, etc. Vilfredo Pareto.
260 ## - PUBLICACIÓN, DISTRIBUCIÓN, ETC.
Lugar de publicación, distribución, etc. Lausanne :
Nombre del editor, distribuidor, etc. F. Rouge, éditeur ;
Lugar de publicación, distribución, etc. Paris :
Nombre del editor, distribuidor, etc. Pichon, libraire ;
Lugar de publicación, distribución, etc. Leipzig :
Nombre del editor, distribuidor, etc. Duncker & Humblot,
Fecha de publicación, distribución, etc. 1896-1897 (
Lugar de fabricación/manufactura Lausanne :
Fabricante imp. H. Vallotton, Guex et Cie.)
300 ## - DESCRIPCIÓN FÍSICA
Extensión 2 v. ;
Dimensiones 23 cm.
596 #1 - NOTA AL PIE DE IMPRENTA
NOTA AL PIE DE IMPRENTA En T.II. no aparece el ed. Duncker & Humblot.
597 #1 - NOTA DE DESCRIPCIÓN FÍSICA
NOTA DE DESCRIPCIÓN FÍSICA T.I. (VIII, 430 p.) -- T.II. (426 p.)
650 07 - PUNTO DE ACCESO ADICIONAL DE MATERIA--TÉRMINO DE MATERIA
Término de materia o nombre geográfico como elemento de entrada Economía
Fuente del encabezamiento o término embne
9 (RLIN) 12006
752 ## - ENTRADA AGREGADA--NOMBRE JERÁRQUICO DEL LUGAR
País o entidad superior Suiza -
Ciudad Lausanne
752 ## - ENTRADA AGREGADA--NOMBRE JERÁRQUICO DEL LUGAR
País o entidad superior Francia -
Ciudad París
752 ## - ENTRADA AGREGADA--NOMBRE JERÁRQUICO DEL LUGAR
País o entidad superior Alemania -
Ciudad Leipzig
852 ## - LOCALIZACIÓN
Ubicación ES-MaACL
Número de control de estantería F-1980-1981
Nota libre -- Enc. pasta española
Holdings
Estatus retirado Estado de pérdida Estado de daño No para préstamo Colección Biblioteca de origen Biblioteca actual Ubicación en estantería Fecha de adquisición Fuente de adquisición Total de préstamos Signatura topográfica completa Código de barras Visto por última vez Precio de reemplazo Tipo de ítem Koha
        Libros del s. XIX Biblioteca del Ateneo de Madrid Biblioteca del Ateneo de Madrid Depósito 2 17/01/2008     F-1980-1981 1169088 23/02/2023 23/02/2023 Libro impreso antiguo